India's evolving National security agenda: (Record no. 165624)

MARC details
000 -LEADER
fixed length control field 00666nam a22001937a 4500
005 - DATE AND TIME OF LATEST TRANSACTION
control field 20230622160344.0
010 ## - LCCN (DPL NO)
LC control number B-125747 ENG-137161
020 ## - INTERNATIONAL STANDARD BOOK NUMBER
Terms of availability 800.00
International Standard Book Number 9788193555439
035 ## - SYSTEM CONTROL NUMBER
System control number EN-109279 EN-120693
037 ## - SOURCE OF ACQUISITION
Source of stock number/acquisition DBAD/PUB
082 ## - DEWEY DECIMAL CLASSIFICATION NUMBER
Classification number 355.954
245 ## - TITLE STATEMENT
Title India's evolving National security agenda:
Remainder of title by Harsh V.Pant
Statement of responsibility, etc Modi and beyond/
260 ## - PUBLICATION, DISTRIBUTION, ETC. (IMPRINT)
Place of publication, distribution, etc New Delhi
Name of publisher, distributor, etc Konark Publishers
Date of publication, distribution, etc 2016
270 ## - ADDRESS
Address 206, first floor, Peacock lane, Shahpur Jat,
City New Delhi
Postal code 110049
Telephone number 9355293900
Electronic mail address india@konarkpublishers.com
300 ## - PHYSICAL DESCRIPTION
Extent xxi,186p.
Dimensions 24cm(Hb)
500 ## - GENERAL NOTE
General note include index
700 ## - ADDED ENTRY--PERSONAL NAME
Personal name Harsh V. Pant
942 ## - ADDED ENTRY ELEMENTS (KOHA)
Source of classification or shelving scheme Dewey Decimal Classification
Item type English Books
Classification part 355.954
Call number suffix INA
Holdings
Withdrawn status Lost status Not for loan Collection code Home library Current library Date acquired Source of acquisition Cost, normal purchase price Full call number Barcode Copy number Cost, replacement price Koha item type
      Non-fiction Ashok Vihar Ashok Vihar 25/06/2019 DBAD/PUB 800.00 355.954 IND EN-109279 1 800.00 English Books
      Non-fiction Bawana Bawana 22/06/2023 DBAD/PUB 800.00 355.954 INA EN-120693 1 800.00 English Books

© Delhi Public Library
Hit Counter
free hit counter